Economic analysis of co-operative dairy industry of Gujarat (Record no. 12980)

MARC details
000 -LEADER
fixed length control field 00429nam a2200145Ia 4500
082 ## - DEWEY DECIMAL CLASSIFICATION NUMBER
Classification number TR.0116
100 ## - MAIN ENTRY--AUTHOR NAME
Personal name Ramanlal, Shah Dilip
245 #0 - TITLE STATEMENT
Title Economic analysis of co-operative dairy industry of Gujarat
260 ## - PUBLICATION, DISTRIBUTION, ETC. (IMPRINT)
Year of publication 1979
Name of publisher M.S. University of Baroda
300 ## - PHYSICAL DESCRIPTION
Number of Pages 467p. + C D - 53
650 ## - SUBJECT ADDED ENTRY--TOPICAL TERM
Topical Term DAIRYING - ECONOMIC ASPECTS - GUJARAT
650 ## - SUBJECT ADDED ENTRY--TOPICAL TERM
Topical Term DAIRYING, COOPERATIVE - GUJARAT
710 ## - ADDED ENTRY--CORPORATE NAME
Corporate name or jurisdiction name as entry element Chokshi, H.P.
942 ## - ADDED ENTRY ELEMENTS (KOHA)
Koha item type Thesis
Source of classification or shelving scheme Dewey Decimal Classification
Holdings
Withdrawn status Lost status Damaged status Not for loan Home library Current library Date acquired Full call number Accession Number Price effective from Koha item type
        NASSDOC Library NASSDOC Library 08/10/2004 TR.0116 13861 18/04/2019 Thesis